[Event "Giovanni Pico Cup 7th"]
[Site "Mirandola"]
[Date "2014.01.10"]
[Round "1"]
[White "Lambruschi, Daniele"]
[Black "Setti, Massimo"]
[Result "0-1"]
[WhiteElo "1482"]
[BlackElo "1785"]
[PlyCount "106"]
[EventDate "2014.01.10"]
[EventType "swiss"]
[EventRounds "5"]
[EventCountry "ITA"]
[SourceTitle "EXT 2015"]
[Source "ChessBase"]
[SourceDate "2014.11.20"]
[SourceVersion "1"]
[SourceVersionDate "2014.11.20"]
[SourceQuality "1"]

1. e4 c6 2. Nf3 d5 3. exd5 cxd5 4. d4 Bg4 5. Bd3 e6 6. 0-0 Bd6 7. h3 Bh5 8. Re1 Nc6 9. Bg5 Bxf3 10. Bxd8 Bxd1 11. Bg5 Bh5 12. c3 Bg6 13. Bxg6 hxg6 14. Nd2 Kd7 15. Rad1 Nge7 16. Be3 Nf5 17. Nf3 Nxe3 18. fxe3 f6 19. b3 Ne7 20. c4 b6 21. Re2 Rac8 22. Rc2 Nf5 23. Re1 Ng3 24. Kf2 Ne4+ 25. Kg1 g5 26. Rec1 Rc6 27. cxd5 Rxc2 28. dxe6+ Kxe6 29. Rxc2 Kd7 30. Rc1 Rc8 31. Rd1 Rc2 32. Ne5+ Bxe5 33. dxe5+ Rd2 34. Rf1 Rxa2 35. exf6 gxf6 36. Rd1+ Rd2 37. Ra1 a5 38. h4 gxh4 39. Kh2 Rd3 40. Kh3 Rxe3+ 41. Kxh4 Rxb3 42. Re1 b5 43. Kh5 Rb4 44. Kg6 a4 45. Kf5 a3 46. Rd1+ Ke7 47. Ra1 Ra4 48. Rb1 a2 49. Rxb5 a1Q 50. Rb7+ Kd6 51. Rb6+ Kc5 52. Re6 Qf1+ 53. Kg6 Qxg2+ 0-1

[Event "Mirandola Giovanni Pico 3rd"]
[Site "Mirandola"]
[Date "2010.01.16"]
[Round "2"]
[White "Del Gaiso, Massimo"]
[Black "Setti, Massimo"]
[Result "0-1"]
[WhiteElo "1828"]
[BlackElo "1512"]
[PlyCount "70"]
[EventDate "2010.01.15"]
[EventType "swiss"]
[EventRounds "5"]
[EventCountry "ITA"]
[SourceTitle "EXT 2024"]
[Source "ChessBase"]
[SourceDate "2023.10.10"]
[SourceVersion "1"]
[SourceVersionDate "2023.10.10"]
[SourceQuality "1"]

1. e4 e6 2. d4 d5 3. exd5 exd5 4. Bd3 Nf6 5. Ne2 Be7 6. 0-0 0-0 7. Bg5 Bg4 8. Re1 Nbd7 9. c3 Bh5 10. Qc2 Bg6 11. Nd2 Bxd3 12. Qxd3 c6 13. Ng3 g6 14. Nf3 Re8 15. h3 Bf8 16. Qd2 Qc7 17. Bh6 Bd6 18. Nf5 Ne4 19. Qc1 Bf8 20. Bxf8 Rxf8 21. Qh6 gxf5 22. Nh4 Qd6 23. Qh5 Kh8 24. Nxf5 Qg6 25. Qf3 Rae8 26. h4 Ndf6 27. Qh3 Nh5 28. g4 Rg8 29. g5 f6 30. f3 Nd2 31. Qg4 fxg5 32. Rxe8 Qxe8 33. hxg5 Nxf3+ 34. Kf2 Nxg5 35. Re1 Qf7 0-1

[Event "Mirandola Giovanni Pico 3rd"]
[Site "Mirandola"]
[Date "2010.01.16"]
[Round "4"]
[White "Gaion, Giancarlo"]
[Black "Setti, Massimo"]
[Result "1/2-1/2"]
[WhiteElo "1935"]
[BlackElo "1512"]
[PlyCount "148"]
[EventDate "2010.01.15"]
[EventType "swiss"]
[EventRounds "5"]
[EventCountry "ITA"]
[SourceTitle "EXT 2024"]
[Source "ChessBase"]
[SourceDate "2023.10.10"]
[SourceVersion "1"]
[SourceVersionDate "2023.10.10"]
[SourceQuality "1"]

1. Nf3 g6 2. d4 Bg7 3. e4 d6 4. Bd3 Nf6 5. Bg5 0-0 6. Nbd2 Nbd7 7. c3 c5 8. 0-0 a6 9. a4 Re8 10. Qc2 cxd4 11. cxd4 Nf8 12. Rac1 Ne6 13. b4 Nxg5 14. Nxg5 Bd7 15. Qc4 e6 16. Qb3 b5 17. axb5 Bxb5 18. Bxb5 axb5 19. Rc6 d5 20. e5 Nd7 21. Ngf3 Bf8 22. Qc3 Ra4 23. Rb1 Nb8 24. Rc7 Na6 25. Ra7 Qb6 26. Rd7 Bxb4 27. Rxb4 Nxb4 28. Ng5 Rf8 29. Qh3 h5 30. Qf3 Ra7 31. Rxa7 Qxa7 32. Qf4 Nc6 33. Ngf3 Qa1+ 34. Nf1 b4 35. g4 hxg4 36. Qxg4 Kg7 37. Qh4 Rh8 38. Qf6+ Kg8 39. Ng5 Qa7 40. Nxe6 fxe6 41. Qxe6+ Kh7 42. Qxc6 Rd8 43. Qf6 Qd7 44. e6 Qe8 45. Nd2 Rd6 46. Nf3 Rc6 47. Ng5+ Kg8 48. Nf7 Rxe6 49. Nh6+ Kh7 50. Qh4 Re1+ 51. Kg2 Qe4+ 52. Qxe4 Rxe4 53. Nf7 Rxd4 54. Ng5+ Kg8 55. Nf3 Rf4 56. Nd2 Rf7 57. Nb3 Rd7 58. Nd4 Kf7 59. Kf3 Rc7 60. Ke3 b3 61. Nb5 b2 62. Nxc7 b1Q 63. Nxd5 Ke6 64. Nf4+ Kf5 65. Nd3 Qb6+ 66. Ke2 Qd4 67. Ne1 Qe4+ 68. Kd2 Kf4 69. h4 Kg4 70. f3+ Qxf3 71. Nxf3 Kxf3 72. Ke1 Kg3 73. h5 gxh5 74. Kf1 Kh2 1/2-1/2